01057nam a22002057a 450000500170000000800410001702000180005804000070007604100080008308200200009110000160011124500320012726000320015930000250019136500590021652005270027565000160080265000150081870000180083320250506103643.0240729b ||||| |||| 00| 0 eng d a9780143463900 cAL aeng 223a158.1bKIDT aJoey Kidney aTake Your Time and Hurry Up aNew YorkbEbury Pressc2024 ax,184p.bPBc20x13cm 2Psychologya2488b239.00c₹d299.00e20%f17-07-2024 aHave you ever felt lost or alone in your thoughts, feelings and experiences? Take Your Time and Hurry Up continues Joey’s experiences as he leaves his early twenties and heads toward adulthood. This book appeals to anyone who is navigating ‘adulting’ without a compass or a map, and who is searching for a sense of belonging. Joey gently encourages his audience to find comfort, mindfulness, guidance and connection. A clear theme is woven through each passage: a reminder to slow down. After all, what’s the rush. aResolutions a Self-Help aKIDNEY (Joey)